00803ngm a2200253 4500003000400000005001700004007000500021008004100026010002000067024002300087035002000110040001300130082001500143245009900158260001600257300004800273440001600321538004900337538009700386650001100483700001700494700001800511700002000529dpl20090112141359.0DVD ||||||sp199 xxu|||||c ||| 00| 0 ng d  aDVD-002068-2070 c295.00aTDIDE 117C aDVD-002068-2070 aDPLcDPL aDVD / MORN aMorning Mantras:cTimes Music Presentsh[videorecording] DVD/bMantras to start your day with bTimes Music a1 compact disc ACD; bsd., c4 3/4 in.fACD aTimes Music aDolby Digital 5.1 - Hindi Subtitles: English aAnamorphic Wide Screen Format, Presented 2:35.1 Aspect Ratio Enhancaead for 16:9 Wide Screen aAudio  aKedar Pandit aSadhna Sargam aSathe, Ravindra